Central Library OPAC University of Rajshahi

The cloister and the hearth / (Record no. 19976)

MARC details
000 -LEADER
fixed length control field 01090cam a22003251 4500
001 - CONTROL NUMBER
control field 19976
003 - CONTROL NUMBER IDENTIFIER
rucl marc code BD-RjUL
005 - DATE AND TIME OF LATEST TRANSACTION
control field 20211209000515.0
008 - FIXED-LENGTH DATA ELEMENTS--GENERAL INFORMATION
fixed length control field 140226s1933 nyu 000 0 eng d
035 ## - SYSTEM CONTROL NUMBER
System control number (BD-RjUL)20037
System control number (OCoLC)372515
040 ## - CATALOGING SOURCE
Original cataloging agency DLC
Transcribing agency ODaWU
Modifying agency DLC
-- BD-RjUL
Language of cataloging eng
041 ## - LANGUAGE CODE
Language code of text/sound track or separate title eng
051 ## - LIBRARY OF CONGRESS COPY, ISSUE, OFFPRINT STATEMENT
Classification number PZ3.R222
Item number Cl33
Copy information Copy 2.
082 00 - DEWEY DECIMAL CLASSIFICATION NUMBER
Classification number 823
Author mark and year REC 1933
100 1# - MAIN ENTRY--PERSONAL NAME
Personal name Reade, Charles,
Dates associated with a name 1814-1884.
9 (RLIN) 61378
245 14 - TITLE STATEMENT
Title The cloister and the hearth /
Statement of responsibility, etc. by Charles Reade.
260 ## - PUBLICATION, DISTRIBUTION, ETC. (IMPRINT)
Place of publication, distribution, etc. London :
Name of publisher, distributor, etc. J.M. Dent & sons, ltd.;
Place of publication, distribution, etc. New York :
Name of publisher, distributor, etc. E.P. Dutton & co., inc.
Date of publication, distribution, etc. 1933
300 ## - PHYSICAL DESCRIPTION
Pagination 331p. ;
Size 18 cm.
490 0# - SERIES STATEMENT
Series statement Half-title: Everyman's library, ed. by Ernest Rhys. Fiction. [no. 29]
500 ## - GENERAL NOTE
General note "First published in this edition, 1906; reprinted...1933."
504 ## - BIBLIOGRAPHY, ETC. NOTE
Bibliography, etc Bibliography: p. 12.
650 #0 - SUBJECT ADDED ENTRY--TOPICAL TERM
Topical term or geographic name as entry element Middle Ages
Form subdivision Fiction.
9 (RLIN) 60326
651 #0 - SUBJECT ADDED ENTRY--GEOGRAPHIC NAME
Geographic name Netherlands
Form subdivision Fiction.
9 (RLIN) 61400
942 ## - ADDED ENTRY ELEMENTS (KOHA)
Source of classification or shelving scheme Dewey Decimal Classification
Koha item type Books
Holdings
Lost status Source of classification or shelving scheme Damaged status Not for loan Collection code Permanent Location Current Location Shelving location Date acquired Source of acquisition Total Checkouts Full call number Date last seen Copy number Koha item type
  Dewey Decimal Classification     Fiction Central Library, University of Rajshahi Central Library, University of Rajshahi   06/01/1962 Gift   823 REC 1933 26/02/2014 C-3 Books